Hill communities' vulnerability to flood in a high-risk upazila of Chattogram hill tracts (Record no. 45639)

000 -LEADER
fixed length control field 00509nam a22001697a 4500
001 - CONTROL NUMBER
control field 45639
003 - CONTROL NUMBER IDENTIFIER
control field BD-DhUET
008 - FIXED-LENGTH DATA ELEMENTS--GENERAL INFORMATION
fixed length control field 260330b xxu||||| |||| 00| 0 eng d
040 ## - CATALOGING SOURCE
Transcribing agency 0
Modifying agency BD-DhUET
100 ## - MAIN ENTRY--PERSONAL NAME
Personal name U Mong Shing
245 ## - TITLE STATEMENT
Title Hill communities' vulnerability to flood in a high-risk upazila of Chattogram hill tracts
260 ## - PUBLICATION, DISTRIBUTION, ETC. (IMPRINT)
Place of publication, distribution, etc. Dhaka
Name of publisher, distributor, etc. Institute of Water and Flood Management, BUET
Date of publication, distribution, etc. 2025
300 ## - PHYSICAL DESCRIPTION
Extent xvi,136.
501 ## - WITH NOTE
With note One CD-ROM
504 ## - BIBLIOGRAPHY, ETC. NOTE
Bibliography, etc Includes bibliographies
942 ## - ADDED ENTRY ELEMENTS (KOHA)
Koha item type Thesis
Holdings
Source of classification or shelving scheme Not for loan Koha date last seen Piece designation (barcode) Shelving location Date acquired Price effective from Damaged status Withdrawn status Sublocation or collection (holding branch) Copy number Location (home branch) Lost status Koha item type
  2026-03-30120997Acquisition section2026-02-182026-03-30  Central Library, BUET1Central Library, BUET Thesis